[Event "25th ECh U20"]
[Site "Tallinn EST"]
[Date "1997.09.17"]
[Round "8"]
[White "Menkinovski, Riste"]
[Black "Andrade, Jose Veira"]
[Result "1-0"]
[WhiteElo "2195"]
[BlackElo "2100"]
[EventDate "1997.09.10"]
[PlyCount "73"]

1.d4 d5 2.Nf3 e6 3.c4 c6 4.cxd5 exd5 5.g3 Bd6 6.Bg2 Nf6 7.Nc3 O-O 8.O-O 
Re8 9.b3 h6 10.Bb2 Bf5 11.Na4 Nbd7 12.Rc1 Ne4 13.Nd2 Qg5 14.Nxe4 dxe4 15.
Nc5 Nxc5 16.dxc5 Bc7 17.Rc4 Rad8 18.Qa1 h5 19.Bc1 Qg6 20.Be3 h4 21.Rb4 h3 
22.Bh1 Rd7 23.Rd1 b6 24.Rxd7 Bxd7 25.Qd1 Bf5 26.cxb6 axb6 27.Bxb6 Bxb6 28.
Rxb6 Qf6 29.Rb4 Rd8 30.Qf1 Qb2 31.Bxe4 Qd2 32.Rc4 Bxe4 33.Rxe4 Qd1 34.f3 
Qc2 35.Qxh3 Qc5+ 36.Kg2 Rd1 37.Re8+ 1-0

[Event "25th ECh U20"]
[Site "Tallinn EST"]
[Date "1997.09.17"]
[Round "8"]
[White "Rylander, Dennis"]
[Black "Jakupovic, Neven"]
[Result "1/2-1/2"]
[WhiteElo "2100"]
[BlackElo "2090"]
[EventDate "1997.09.10"]
[PlyCount "80"]

1.d4 Nf6 2.c4 e6 3.Nc3 Bb4 4.e3 b6 5.Ne2 Bb7 6.a3 Bd6 7.Qc2 c5 8.d5 Be5 9.
e4 O-O 10.Bg5 h6 11.Bh4 d6 12.f4 Bxc3+ 13.Nxc3 Nbd7 14.O-O-O e5 15.f5 a6 
16.Be2 Qc7 17.g4 Rfb8 18.g5 hxg5 19.Bxg5 Kf8 20.Rdg1 Ke7 21.h4 b5 22.h5 b4
23.Nb1 Rh8 24.Bxf6+ gxf6 25.Rg7 Rh6 26.axb4 cxb4 27.Qd2 Rah8 28.Qxb4 Nc5 
29.Nd2 a5 30.Qc3 Ba6 31.Rhg1 Qb6 32.Qg3 Qb4 33.Qa3 Qb6 34.R1g6 a4 35.Bd1 
Rb8 36.Rxh6 Nd3+ 37.Kb1 Qxb2+ 38.Qxb2 Rxb2+ 39.Ka1 Rxd2 40.Bxa4 Bxc4 
1/2-1/2

[Event "25th ECh U20"]
[Site "Tallinn EST"]
[Date "1997.09.18"]
[Round "9"]
[White "Belozerov, Andrei"]
[Black "Banikas, Hristos"]
[Result "1/2-1/2"]
[WhiteElo "2450"]
[BlackElo "2450"]
[EventDate "1997.09.10"]
[PlyCount "81"]

1.d4 Nf6 2.c4 g6 3.Nc3 Bg7 4.e4 d6 5.Nf3 O-O 6.Be2 e5 7.O-O Nh5 8.Bg5 f6 
9.Be3 Nf4 10.c5 Nxe2+ 11.Qxe2 exd4 12.Nxd4 dxc5 13.Qc4+ Rf7 14.Qxc5 Nd7 
15.Qb5 c6 16.Ne6 Qe7 17.Qb3 Ne5 18.Nxg7 Kxg7 19.Rad1 b6 20.Rfe1 Bg4 21.Ne2
Rd8 22.Rxd8 Qxd8 23.Nf4 g5 24.Ne6+ Bxe6 25.Qxe6 Re7 26.Qf5 Qd7 27.Qxd7 
Rxd7 28.f3 c5 29.Kf1 Kf7 30.Ke2 Nd3 31.Rd1 Ne5 32.Rxd7+ Nxd7 33.Kd3 Ke6 
34.b3 Ne5+ 35.Ke2 Nc6 36.Bd2 b5 37.Kd3 Ne5+ 38.Ke3 Ng6 39.Bc3 h5 40.Bb2 h4
41.Bc3 1/2-1/2

[Event "25th ECh U20"]
[Site "Tallinn EST"]
[Date "1997.09.18"]
[Round "9"]
[White "Hnydiuk, Aleksander"]
[Black "Kelly, Brian"]
[Result "0-1"]
[WhiteElo "2375"]
[BlackElo "2390"]
[EventDate "1997.09.10"]
[PlyCount "82"]

1.e4 e6 2.d3 c5 3.Nf3 Nc6 4.g3 g6 5.Bg2 Bg7 6.O-O Nge7 7.Qe2 O-O 8.h4 d6 
9.c3 e5 10.Nbd2 f5 11.a3 a5 12.a4 h6 13.Nc4 Be6 14.Nfd2 Kh8 15.Ne3 d5 16.
f4 exf4 17.gxf4 d4 18.Nd1 dxc3 19.bxc3 Nd4 20.Qf2 fxe4 21.cxd4 exd3 22.Bb2
cxd4 23.Ra3 Nd5 24.Qg3 Bf5 25.Be4 Bxe4 26.Nxe4 Qe7 27.Nd2 Ne3 28.Re1 Qb4 
29.Nxe3 dxe3 30.Bxg7+ Kxg7 31.Rb3 Qxd2 32.Rxb7+ Rf7 33.Rxf7+ Kxf7 34.Qxe3 
Qxe3+ 35.Rxe3 Rd8 36.Re1 d2 37.Rd1 Kf6 38.Kf2 Kf5 39.Ke3 h5 40.Kf3 Rd3+ 
41.Kf2 Ke4 0-1

[Event "25th ECh U20"]
[Site "Tallinn EST"]
[Date "1997.09.18"]
[Round "9"]
[White "Rabinovich, Alexander"]
[Black "Belichev, Nikolai"]
[Result "1-0"]
[WhiteElo "2415"]
[BlackElo "2345"]
[EventDate "1997.09.10"]
[PlyCount "60"]

1.d4 Nf6 2.Bg5 e6 3.e4 h6 4.Bxf6 Qxf6 5.Nc3 d6 6.Qd2 c6 7.f4 e5 8.dxe5 
dxe5 9.f5 Qd8 10.Qxd8+ Kxd8 11.Bc4 Ke8 12.Nf3 Nd7 13.O-O-O Bc5 14.Kb1 b5 
15.Bb3 Ke7 16.g4 f6 17.Ne2 Nb6 18.Nh4 Ke8 19.Ng6 Rf8 20.h4 Nc4 21.Nxf8 
Bxf8 22.Rd3 Be7 23.Ng3 Rb8 24.Rhd1 a5 25.Nh5 g5 26.hxg5 hxg5 27.Rh3 Kf8 
28.Ng3 a4 29.Rh8+ Kf7 30.Bxc4+ bxc4 1-0

[Event "25th ECh U20"]
[Site "Tallinn EST"]
[Date "1997.09.18"]
[Round "9"]
[White "Tyomkin, Dimitri"]
[Black "Agopov, Mikael"]
[Result "1-0"]
[WhiteElo "2390"]
[BlackElo "2300"]
[EventDate "1997.09.10"]
[PlyCount "121"]

1.d4 Nf6 2.Nf3 g6 3.Bg5 Bg7 4.Nbd2 O-O 5.c3 d6 6.e4 c5 7.dxc5 dxc5 8.Bc4 
Nc6 9.O-O h6 10.Bh4 Nh5 11.Re1 Qc7 12.Qe2 Ne5 13.Nxe5 Bxe5 14.g3 Rd8 15.
Nf1 Ng7 16.f4 Be6 17.Ne3 Bxc4 18.Qxc4 g5 19.fxg5 hxg5 20.Bxg5 Bxg3 21.Re2 
Bf4 22.Nd5 Rxd5 23.Qxd5 Ne6 24.Bxf4 Nxf4 25.Qg5+ Kh7 26.Qh4+ Kg7 27.Rf2 e5
28.Kh1 Rd8 29.Rg1+ Kf8 30.Rf3 Rd3 31.Rxd3 Nxd3 32.Qh6+ Ke7 33.Qg5+ Kf8 34.
Rf1 Nf4 35.Rd1 Ne6 36.Qf6 Ke8 37.Qh8+ Ke7 38.Qh4+ Ke8 39.Rf1 Nf4 40.Rg1 
Ng6 41.Qf6 Qd7 42.Rxg6 fxg6 43.Qxe5+ Kf7 44.Qd5+ Qxd5 45.exd5 b5 46.b3 c4 
47.bxc4 bxc4 48.Kg2 Kf6 49.Kf3 Ke5 50.d6 Kxd6 51.Ke4 Kc5 52.h4 Kb5 53.Kd5 
a6 54.Kd4 a5 55.Kd5 Ka4 56.Kxc4 Ka3 57.Kd3 Kxa2 58.c4 a4 59.c5 a3 60.Kc2 
g5 61.c6 1-0

[Event "25th ECh U20"]
[Site "Tallinn EST"]
[Date "1997.09.18"]
[Round "9"]
[White "Bakhtadze, Giorgi"]
[Black "Williams, Simon"]
[Result "1-0"]
[WhiteElo "2365"]
[BlackElo "2310"]
[EventDate "1997.09.10"]
[PlyCount "125"]

1.e4 e6 2.d3 c5 3.Nf3 Nc6 4.g3 g6 5.Bg2 Bg7 6.O-O Nge7 7.Re1 d6 8.c3 e5 9.
a3 O-O 10.b4 b6 11.Ra2 h6 12.Rd2 g5 13.Qe2 Ng6 14.Rdd1 Bg4 15.Nbd2 b5 16.
Nf1 Be6 17.Ne3 Qd7 18.Nf5 Bxf5 19.exf5 Nge7 20.h4 f6 21.d4 cxd4 22.cxd4 
Qxf5 23.Qxb5 Rab8 24.Qe2 g4 25.Nh2 Nxd4 26.Rxd4 exd4 27.Qxe7 Rbe8 28.Qxe8 
Rxe8 29.Rxe8+ Kf7 30.Re4 h5 31.Nf1 Qc8 32.Bf4 f5 33.Re1 Be5 34.Bxe5 Qe6 
35.Bd5 Qxd5 36.Bf4 Qb3 37.Nd2 Qc3 38.b5 d3 39.a4 Qb4 40.Rb1 Qxa4 41.b6 
axb6 42.Rxb6 Qa1+ 43.Kg2 Qa8+ 44.Kg1 Qa1+ 45.Rb1 Qd4 46.Rb7+ Kf6 47.Rd7 d5
48.Rd6+ Kf7 49.Rh6 Qa1+ 50.Kg2 d4 51.Rxh5 Qa8+ 52.Kh2 Ke6 53.Rh6+ Kd5 54.
h5 Qe8 55.Rd6+ Kc5 56.h6 Qf7 57.Rd8 Kb4 58.Rc8 Ka3 59.Rc7 Qf6 60.Rb7 Ka2 
61.h7 Qh8 62.Re7 Qf8 63.Ra7+ 1-0

[Event "25th ECh U20"]
[Site "Tallinn EST"]
[Date "1997.09.18"]
[Round "9"]
[White "Johansen, Terje"]
[Black "Ruck, Robert"]
[Result "1/2-1/2"]
[WhiteElo "2210"]
[BlackElo "2465"]
[EventDate "1997.09.10"]
[PlyCount "42"]

1.d4 d6 2.Nf3 Bg4 3.c4 Nd7 4.Nc3 e5 5.e4 Be7 6.Be2 Bxf3 7.Bxf3 Bg5 8.O-O 
Bxc1 9.Rxc1 Ngf6 10.g3 O-O 11.Bg2 c6 12.d5 cxd5 13.cxd5 Qb6 14.Na4 Qa5 15.
Nc3 Rfc8 16.Qe2 a6 17.a3 Rc7 18.Bh3 b5 19.Bxd7 Nxd7 20.Na2 Rac8 21.Rxc7 
Qxc7 1/2-1/2

[Event "25th ECh U20"]
[Site "Tallinn EST"]
[Date "1997.09.18"]
[Round "9"]
[White "Lytschak, Alexander"]
[Black "Papazov, Yvajlo"]
[Result "0-1"]
[WhiteElo "2390"]
[BlackElo "2240"]
[EventDate "1997.09.10"]
[PlyCount "70"]

1.d4 d5 2.c4 c6 3.Nf3 dxc4 4.e3 b5 5.a4 e6 6.b3 b4 7.Bxc4 Nf6 8.O-O Nbd7 
9.Qe2 Be7 10.e4 O-O 11.Rd1 c5 12.Bg5 Bb7 13.dxc5 Qc7 14.Nbd2 Nxc5 15.Rac1 
Nfxe4 16.Nxe4 Nxe4 17.Bd2 Nxd2 18.Nxd2 Qf4 19.Nf1 Rad8 20.Ne3 Bd6 21.Nf1 
Qg5 22.Ng3 Bf4 23.Rxd8 Rxd8 24.Rd1 h6 25.Rd3 Bc7 26.Rxd8+ Qxd8 27.Bd3 Qd4 
28.Qc2 Bb6 29.h3 f5 30.Bc4 Bd5 31.Bxd5 Qxd5 32.Nh5 Qe5 33.g3 Qc3 34.Qe2 
Qxb3 35.Qe5 Qd1+ 0-1

[Event "25th ECh U20"]
[Site "Tallinn EST"]
[Date "1997.09.18"]
[Round "9"]
[White "Marzolo, Cyril"]
[Black "Balogh, Peter"]
[Result "1-0"]
[WhiteElo "2320"]
[BlackElo "2285"]
[EventDate "1997.09.10"]
[PlyCount "37"]

1.d4 Nf6 2.c4 g6 3.Nc3 Bg7 4.e4 d6 5.f3 O-O 6.Bg5 Nbd7 7.Qd2 a6 8.O-O-O c6
9.h4 b5 10.h5 b4 11.Nce2 Qa5 12.Kb1 e5 13.Bh6 Qa4 14.Rc1 b3 15.a3 Re8 16.
Bxg7 Kxg7 17.g4 Nf8 18.Ng3 Bb7 19.Nf5+ 1-0

[Event "25th ECh U20"]
[Site "Tallinn EST"]
[Date "1997.09.18"]
[Round "9"]
[White "Pandars, Maris"]
[Black "Hunt, Harriet"]
[Result "1-0"]
[WhiteElo "2205"]
[BlackElo "2360"]
[EventDate "1997.09.10"]
[PlyCount "113"]

1.e4 c5 2.Nc3 Nc6 3.f4 g6 4.Nf3 Bg7 5.Bb5 Nd4 6.O-O Nxb5 7.Nxb5 d5 8.d3 a6
9.Nc3 d4 10.Ne2 e6 11.c4 dxc3 12.bxc3 Ne7 13.Be3 Qc7 14.Rb1 O-O 15.c4 Bd7 
16.Ne5 Rfd8 17.Nxd7 Rxd7 18.Qb3 Rad8 19.Rfd1 Nc8 20.e5 g5 21.g3 Ne7 22.Qb6
Qxb6 23.Rxb6 Nc8 24.Rb3 b6 25.a4 a5 26.Kf2 g4 27.h3 h5 28.hxg4 hxg4 29.Nc3
Rxd3 30.Rxd3 Rxd3 31.Ke2 Rd7 32.Ne4 Kh7 33.Nf2 f5 34.exf6 Bxf6 35.Nxg4 Kg6
36.Nxf6 Kxf6 37.g4 Rd6 38.Bf2 Kg6 39.Rd3 Kf7 40.Rxd6 Nxd6 41.Kd3 Ke8 42.
Be1 Kd7 43.Bc3 Nc8 44.Bf6 Ke8 45.Be5 Kd7 46.Ke4 Ne7 47.Bf6 Nc8 48.Be5 Ne7 
49.Bc3 Nc8 50.g5 Ke7 51.Be5 Kd7 52.g6 Ke7 53.f5 exf5+ 54.Kxf5 b5 55.cxb5 
Nb6 56.Bc7 Nxa4 57.Bd6+ 1-0

[Event "25th ECh U20"]
[Site "Tallinn EST"]
[Date "1997.09.18"]
[Round "9"]
[White "Janssen, Ruud"]
[Black "Meyer, Harvey"]
[Result "1/2-1/2"]
[WhiteElo "2330"]
[BlackElo "2160"]
[EventDate "1997.09.10"]
[PlyCount "91"]

1.c4 e5 2.Nc3 Nf6 3.Nf3 Nc6 4.g3 Bc5 5.Bg2 O-O 6.O-O d6 7.d3 h6 8.b3 a6 9.
Bb2 Re8 10.e3 Ba7 11.h3 Bf5 12.a3 Qd7 13.Kh2 Rab8 14.b4 b5 15.Qe2 Nd8 16.
Rac1 c6 17.Rfd1 Rc8 18.Ne4 Qe7 19.Nxf6+ Qxf6 20.c5 Nb7 21.cxd6 Qxd6 22.e4 
Be6 23.d4 exd4 24.Nxd4 Qe7 25.Qh5 Nd6 26.Rc2 Nc4 27.Bc1 c5 28.Nf5 Bxf5 29.
exf5 cxb4 30.Bxh6 gxh6 31.Qxh6 Qf8 32.Qh4 b3 33.f6 bxc2 34.Qg5+ Kh7 35.
Qf5+ Kh8 36.Qh5+ Kg8 37.Qg4+ Kh7 38.Qf5+ Kh6 39.Qf4+ Kh7 40.Qf5+ Kh6 41.g4
Bb8+ 42.f4 Bxf4+ 43.Qxf4+ Kh7 44.Qf5+ Kh8 45.Qh5+ Kg8 46.Qg5+ 1/2-1/2

[Event "25th ECh U20"]
[Site "Tallinn EST"]
[Date "1997.09.18"]
[Round "9"]
[White "Ooms, Andy"]
[Black "Zaveckis, Laurynas"]
[Result "0-1"]
[WhiteElo "2170"]
[BlackElo "2235"]
[EventDate "1997.09.10"]
[PlyCount "56"]

1.d4 f5 2.Nc3 Nf6 3.Bg5 d5 4.Bxf6 exf6 5.e3 Be6 6.Bd3 c6 7.Qf3 g6 8.Nge2 
Nd7 9.h4 h5 10.Nd1 Bf7 11.b3 b5 12.O-O Bd6 13.Nb2 Rb8 14.c3 O-O 15.Rfc1 
Qe7 16.Rc2 Ba3 17.Nd1 Nb6 18.Nf4 Kh8 19.Rb1 Bd6 20.Nh3 Rg8 21.Qe2 Bc7 22.
g3 Nc8 23.Nb2 Nd6 24.Rbc1 g5 25.hxg5 fxg5 26.Kg2 Rg7 27.Rh1 Rbg8 28.Kf1 
Ne4 0-1

[Event "25th ECh U20"]
[Site "Tallinn EST"]
[Date "1997.09.18"]
[Round "9"]
[White "Andrade, Jose Veira"]
[Black "Grotz, Harald"]
[Result "1/2-1/2"]
[WhiteElo "2100"]
[BlackElo "2245"]
[EventDate "1997.09.10"]
[PlyCount "127"]

1.e4 c5 2.Nf3 d6 3.d4 cxd4 4.Nxd4 Nf6 5.Nc3 Nc6 6.Bc4 e6 7.Be3 a6 8.Bb3 
Be7 9.Qe2 Na5 10.O-O O-O 11.a4 Nxb3 12.Nxb3 b6 13.Rfd1 Qc7 14.a5 b5 15.Bb6
Qb8 16.f3 Nd7 17.Bf2 Bb7 18.Nd4 Qc7 19.Qd2 Ne5 20.b3 Rac8 21.Nce2 Nd7 22.
Rac1 Nc5 23.Bg3 Rfd8 24.Qb4 Qd7 25.Qa3 b4 26.Qa2 Bg5 27.Rb1 Qc7 28.c3 Be3+
29.Kh1 bxc3 30.Nxc3 Nd7 31.Nde2 Ne5 32.h3 g5 33.b4 Qe7 34.Qb3 Qf6 35.Nd5 
exd5 36.Qxe3 dxe4 37.fxe4 Nc4 38.Qd3 Qe6 39.Nc3 Re8 40.Re1 Ne5 41.Qd2 Nf3 
42.gxf3 Qxh3+ 43.Bh2 Qxf3+ 44.Kg1 Rxc3 45.Qxg5+ Kh8 46.Rf1 Rg8 47.Qxg8+ 
Kxg8 48.Rxf3 Rxf3 49.Bxd6 Bxe4 50.Rb2 Rd3 51.Bf4 Rd5 52.Kf2 f5 53.Rd2 Rb5 
54.Rd8+ Kf7 55.Rd7+ Ke8 56.Rxh7 Rxb4 57.Rh6 Bd3 58.Bc7 Kd7 59.Bb6 f4 60.
Kf3 Bc2 61.Bf2 Bd1+ 62.Kg2 Be2 63.Be1 Rb5 64.Rf6 1/2-1/2

[Event "25th ECh U20"]
[Site "Tallinn EST"]
[Date "1997.09.18"]
[Round "9"]
[White "Zhitin, Juri"]
[Black "Rylander, Dennis"]
[Result "0-1"]
[WhiteElo "2215"]
[BlackElo "2100"]
[EventDate "1997.09.10"]
[PlyCount "52"]

1.d4 d5 2.c4 c6 3.Nc3 Nf6 4.Bg5 dxc4 5.e4 b5 6.e5 Nd5 7.a4 h6 8.Bd2 e6 9.
Qg4 Nxc3 10.bxc3 a5 11.Be2 Qc7 12.Nh3 Nd7 13.Nf4 Ba6 14.O-O b4 15.Bf3 
O-O-O 16.Nh5 Nxe5 17.dxe5 Rxd2 18.Qe4 bxc3 19.Qxc6 Qxc6 20.Bxc6 c2 21.Be4 
c3 22.Rfc1 Rd1+ 23.Rxd1 cxd1=Q+ 24.Rxd1 Be2 25.Rc1 Bxh5 26.Rxc3+ Kb8 0-1

[Event "25th ECh U20"]
[Site "Tallinn EST"]
[Date "1997.09.18"]
[Round "9"]
[White "Jakupovic, Neven"]
[Black "Menkinovski, Riste"]
[Result "1-0"]
[WhiteElo "2090"]
[BlackElo "2195"]
[EventDate "1997.09.10"]
[PlyCount "85"]

1.e4 c5 2.Nf3 e6 3.d3 Nc6 4.g3 d6 5.Bg2 Nf6 6.O-O Be7 7.Re1 O-O 8.h3 Qc7 
9.c3 a6 10.Nbd2 Rb8 11.Nh2 b5 12.f4 b4 13.c4 Nd7 14.Ndf3 Rd8 15.Ng4 Nb6 
16.b3 f5 17.Ne3 Bf6 18.Rb1 g6 19.Bb2 Bxb2 20.Rxb2 Qg7 21.Rd2 Nd4 22.Nxd4 
cxd4 23.Nf1 Qc7 24.exf5 gxf5 25.Qh5 Rf8 26.Rde2 Qg7 27.Qf3 Bd7 28.Kh2 Rfc8
29.Nd2 Qf6 30.Qf2 a5 31.Nf3 Kf7 32.Ng5+ Ke7 33.Nxh7 Qh6 34.Ng5 Qf6 35.Nf3 
Rg8 36.Nxd4 Rg6 37.Nxe6 Bxe6 38.Rxe6+ Qxe6 39.Rxe6+ Rxe6 40.g4 fxg4 41.
hxg4 Nd7 42.g5 a4 43.Bh3 1-0

[Event "25th ECh U20"]
[Site "Tallinn EST"]
[Date "1997.09.19"]
[Round "10"]
[White "Banikas, Hristos"]
[Black "Bakhtadze, Giorgi"]
[Result "1-0"]
[WhiteElo "2450"]
[BlackElo "2365"]
[EventDate "1997.09.10"]
[PlyCount "81"]

1.d4 Nf6 2.c4 c5 3.d5 e5 4.Nc3 d6 5.e4 g6 6.h3 Bg7 7.Be3 O-O 8.g4 Na6 9.
Nge2 Nc7 10.Ng3 Bd7 11.a3 b5 12.cxb5 Qb8 13.Rb1 Nxb5 14.Nxb5 Bxb5 15.b4 
Bxf1 16.bxc5 Qc7 17.Kxf1 dxc5 18.Qa4 Rfc8 19.Kg2 Ne8 20.Rhc1 c4 21.Bd2 Bf8
22.Ba5 Qc5 23.Bb4 Qc7 24.Ba5 Qc5 25.Rb4 Nd6 26.Rb2 Bh6 27.Rc3 Bf4 28.Bb4 
Qd4 29.Qc2 Bxg3 30.Bxd6 Bxf2 31.Rb4 Be1 32.Rcxc4 Qd2+ 33.Qxd2 Bxd2 34.
Rxc8+ Rxc8 35.Rb8 Rxb8 36.Bxb8 a6 37.Bxe5 Kf8 38.Bd6+ Ke8 39.Bb4 Bf4 40.
Kf3 Be5 41.Ke3 1-0

[Event "25th ECh U20"]
[Site "Tallinn EST"]
[Date "1997.09.19"]
[Round "10"]
[White "Marzolo, Cyril"]
[Black "Belozerov, Andrei"]
[Result "0-1"]
[WhiteElo "2320"]
[BlackElo "2450"]
[EventDate "1997.09.10"]
[PlyCount "54"]

1.d4 Nf6 2.c4 e6 3.Nc3 Bb4 4.e3 O-O 5.Bd3 d5 6.a3 Bxc3+ 7.bxc3 dxc4 8.Bxc4
c5 9.Nf3 Nc6 10.O-O Qc7 11.Bb5 b6 12.Qe2 Bb7 13.e4 e5 14.d5 Na5 15.Nh4 Bc8
16.Rd1 Ne8 17.f4 Nd6 18.Bd3 f6 19.Rb1 Qe7 20.Nf3 Bg4 21.h3 Bxf3 22.Qxf3 
Rad8 23.f5 Qd7 24.Qe2 Rc8 25.Qc2 c4 26.Be2 Nb3 27.Bxc4 Rxc4 0-1

[Event "25th ECh U20"]
[Site "Tallinn EST"]
[Date "1997.09.19"]
[Round "10"]
[White "Williams, Simon"]
[Black "Dumitrescu, Dragos"]
[Result "0-1"]
[WhiteElo "2310"]
[BlackElo "2410"]
[EventDate "1997.09.10"]
[PlyCount "94"]

1.d4 Nf6 2.c4 g6 3.Nc3 Bg7 4.e4 d6 5.Nge2 O-O 6.Ng3 e5 7.d5 a5 8.Be2 Na6 
9.h4 h5 10.Bg5 Qe8 11.Qd2 Kh7 12.Rb1 Bd7 13.O-O Nc5 14.b3 Ng8 15.a3 a4 16.
b4 Nb3 17.Qd1 Bh6 18.Qd3 Bxg5 19.hxg5 Qe7 20.Qe3 h4 21.Nh1 f6 22.gxf6 Nxf6
23.Qg5 Nxd5 24.Qxe7+ Nxe7 25.Rfd1 Nd4 26.Bd3 c6 27.Ne2 Nxe2+ 28.Bxe2 Rf6 
29.Rd2 Be8 30.Rbd1 Rd8 31.f3 g5 32.Nf2 Bh5 33.Nd3 Ng6 34.Nc5 Nf4 35.Nxb7 
Rd7 36.Na5 g4 37.Nxc6 Nxe2+ 38.Rxe2 gxf3 39.Rf2 Rg7 40.Rb1 h3 41.g4 Rxg4+ 
42.Kh2 Rg2+ 43.Rxg2 hxg2 44.b5 Bg6 45.b6 Bxe4 46.b7 Bxb1 47.b8=Q Rh6+ 0-1

[Event "25th ECh U20"]
[Site "Tallinn EST"]
[Date "1997.09.19"]
[Round "10"]
[White "Balogh, Peter"]
[Black "Lytschak, Alexander"]
[Result "0-1"]
[WhiteElo "2285"]
[BlackElo "2390"]
[EventDate "1997.09.10"]
[PlyCount "112"]

1.d4 d6 2.c4 e5 3.e3 Nd7 4.Nc3 g6 5.Bd3 Bg7 6.Nge2 f5 7.O-O Ngf6 8.f3 O-O 
9.Qc2 b6 10.Bd2 Bb7 11.d5 Bh6 12.b4 Qe7 13.e4 Bxd2 14.Qxd2 f4 15.Nb5 Rfc8 
16.Nc1 a5 17.bxa5 Rxa5 18.Nb3 Ra6 19.a4 Nc5 20.Nxc5 dxc5 21.Bc2 g5 22.Rad1
Rd8 23.g4 Raa8 24.Kg2 Ba6 25.Bb3 Kg7 26.h3 h5 27.Qe2 Bxb5 28.axb5 Rh8 29.
Ra1 Rad8 30.Rh1 Rh6 31.Rh2 Rdh8 32.Rah1 Qd7 33.Kg1 Kf7 34.Qg2 Qc8 35.Qb2 
Qe8 36.Kg2 Qe7 37.Kg1 Ke8 38.Kg2 Kd7 39.Kg1 Kd6 40.Qa2 Qd7 41.Kf1 Qc8 42.
Kg1 R6h7 43.Qb2 Rg8 44.Rg2 Rhh8 45.Rhh2 Rh6 46.Qa2 Rgh8 47.Qe2 Nd7 48.Qf2 
Nf8 49.h4 hxg4 50.Rxg4 Ng6 51.Rxg5 Nxh4 52.Kf1 Qa8 53.Bd1 Qa1 54.Qe2 Qd4 
55.Rh1 Nf5 56.Rxh6+ Rxh6 0-1

[Event "25th ECh U20"]
[Site "Tallinn EST"]
[Date "1997.09.19"]
[Round "10"]
[White "Kelly, Brian"]
[Black "Johansen, Terje"]
[Result "1/2-1/2"]
[WhiteElo "2390"]
[BlackElo "2210"]
[EventDate "1997.09.10"]
[PlyCount "50"]

1.d4 d5 2.c4 c6 3.Nc3 Nf6 4.e3 Bf5 5.cxd5 cxd5 6.Qb3 Bc8 7.Nf3 a6 8.Bd2 e6
9.Ne5 Bd6 10.f4 b5 11.Bd3 b4 12.Na4 a5 13.a3 bxa3 14.bxa3 O-O 15.Nb6 Ra7 
16.Nxc8 Qxc8 17.O-O Ne4 18.Bxe4 dxe4 19.Rfc1 a4 20.Qb6 Qa6 21.Qxa6 Nxa6 
22.Nc4 Be7 23.Nb6 Nc7 24.Nxa4 Rxa4 25.Rxc7 Rxa3 1/2-1/2

[Event "25th ECh U20"]
[Site "Tallinn EST"]
[Date "1997.09.19"]
[Round "10"]
[White "Hunt, Harriet"]
[Black "Zaveckis, Laurynas"]
[Result "1-0"]
[WhiteElo "2360"]
[BlackElo "2235"]
[EventDate "1997.09.10"]
[PlyCount "89"]

1.e4 Nf6 2.e5 Nd5 3.d4 d6 4.c4 Nb6 5.exd6 cxd6 6.Nc3 g6 7.Be3 Bg7 8.Rc1 
O-O 9.b3 Nc6 10.d5 Ne5 11.Be2 Re8 12.f4 Ned7 13.Nf3 Nf6 14.O-O Ng4 15.Bd4 
Bxd4+ 16.Qxd4 Nd7 17.h3 Ngf6 18.Kh2 Qb6 19.Rfd1 Qxd4 20.Nxd4 a6 21.Bf3 b6 
22.Nc6 Bb7 23.b4 Kf8 24.a4 Rac8 25.a5 bxa5 26.Nxa5 Rc7 27.Na4 Nb8 28.c5 e6
29.c6 Bc8 30.dxe6 Rxe6 31.Nb6 Ne4 32.Bxe4 Rxe4 33.Rxd6 Ke7 34.Rd2 Be6 35.
Na8 Rc8 36.c7 Nd7 37.Nc6+ Ke8 38.Na7 Rxa8 39.c8=Q+ Rxc8 40.Rxc8+ Ke7 41.
Rc7 Kd8 42.Rc6 Rxf4 43.Rxa6 Kc7 44.b5 h5 45.Rc6+ 1-0

[Event "25th ECh U20"]
[Site "Tallinn EST"]
[Date "1997.09.19"]
[Round "10"]
[White "Rylander, Dennis"]
[Black "Stocek, Jiri"]
[Result "0-1"]
[WhiteElo "2100"]
[BlackElo "2470"]
[EventDate "1997.09.10"]
[PlyCount "94"]

1.d4 Nf6 2.c4 e6 3.Nc3 Bb4 4.e3 c5 5.Bd3 Nc6 6.Nf3 Bxc3+ 7.bxc3 d6 8.e4 e5
9.d5 Ne7 10.Nh4 h6 11.O-O g5 12.Qf3 Nh7 13.Nf5 Nxf5 14.exf5 Nf6 15.Qe2 Qe7
16.Re1 Bd7 17.Rb1 Ba4 18.Qb2 b6 19.Be3 Qd7 20.Qd2 Rg8 21.f4 gxf4 22.Bxf4 
O-O-O 23.Bxh6 Rde8 24.Bg5 Nh7 25.Bh6 Qd8 26.Qf2 Rg4 27.f6 Nxf6 28.Bf5+ Kb8
29.Bxg4 Nxg4 30.Qd2 Qh4 31.Bf4 exf4 32.Rxe8+ Bxe8 33.Qxf4 Kc7 34.a4 Qh5 
35.a5 bxa5 36.Ra1 a4 37.h3 Ne5 38.Qf6 Bd7 39.Qe7 Qg6 40.Kh2 Qc2 41.Rf1 f5 
42.Qf8 a3 43.Qa8 Qa4 44.Rb1 Bc8 45.Rb6 Kxb6 46.Qxc8 Nd7 47.Qd8+ Kb7 0-1

[Event "25th ECh U20"]
[Site "Tallinn EST"]
[Date "1997.09.19"]
[Round "10"]
[White "Belichev, Nikolai"]
[Black "Pandars, Maris"]
[Result "1-0"]
[WhiteElo "2345"]
[BlackElo "2205"]
[EventDate "1997.09.10"]
[PlyCount "103"]

1.d4 e6 2.c4 c5 3.d5 exd5 4.cxd5 d6 5.e4 Nf6 6.Nc3 g6 7.Bd3 Bg7 8.h3 O-O 
9.Nf3 Re8 10.O-O a6 11.Bf4 b5 12.Re1 Bb7 13.a3 Nh5 14.Bh2 Be5 15.Nxe5 dxe5
16.b4 Qd6 17.bxc5 Qxc5 18.Qb3 Nd7 19.Rec1 Qe7 20.Qb4 Nc5 21.Be2 Nf4 22.
Bxf4 exf4 23.Nxb5 axb5 24.Qxc5 Qxe4 25.Bf3 Qe5 26.Qxb5 Ba6 27.Qb4 Rab8 28.
Qc3 Be2 29.Qxe5 Rxe5 30.Re1 Rbe8 31.Bxe2 Rxe2 32.Rxe2 Rxe2 33.a4 Rd2 34.a5
Rxd5 35.a6 Rd8 36.a7 Ra8 37.Kf1 Kg7 38.Ke2 Kh6 39.Kf3 Kg5 40.Ke4 h5 41.h4+
Kg4 42.Ke5 f5 43.Ra4 g5 44.hxg5 Kxg5 45.Kd6 f3 46.g3 f4 47.gxf4+ Kf5 48.
Kc6 h4 49.Kb7 Rxa7+ 50.Rxa7 h3 51.Kc6 Kxf4 52.Rh7 1-0

[Event "25th ECh U20"]
[Site "Tallinn EST"]
[Date "1997.09.19"]
[Round "10"]
[White "Menkinovski, Riste"]
[Black "Janssen, Ruud"]
[Result "1-0"]
[WhiteElo "2195"]
[BlackElo "2330"]
[EventDate "1997.09.10"]
[PlyCount "77"]

1.e4 c5 2.Nf3 e6 3.c3 Nf6 4.e5 Nd5 5.d4 cxd4 6.cxd4 b6 7.Nc3 Nxc3 8.bxc3 
Qc7 9.Bd2 Bb7 10.Bd3 d6 11.O-O Nd7 12.Re1 dxe5 13.Nxe5 Nxe5 14.Rxe5 Bd6 
15.Rh5 g6 16.Rh3 O-O 17.Qg4 f5 18.Qh4 Rf7 19.Rc1 Rc8 20.f4 b5 21.Bxb5 Bxg2
22.Kxg2 Qb7+ 23.Kf2 Qxb5 24.Rg1 Kf8 25.Rxg6 hxg6 26.Qh8+ Ke7 27.Qxc8 Qb2 
28.Ke1 Qb1+ 29.Ke2 Qxa2 30.Rh8 Kf6 31.Qd8+ Be7 32.Qb8 Rg7 33.Ke3 Qa1 34.
Qe5+ Kf7 35.d5 Qa6 36.c4 Qb6+ 37.Ke2 Bf6 38.dxe6+ Qxe6 39.Rf8+ 1-0

[Event "25th ECh U20"]
[Site "Tallinn EST"]
[Date "1997.09.19"]
[Round "10"]
[White "Jakupovic, Neven"]
[Black "Hnydiuk, Aleksander"]
[Result "1-0"]
[WhiteElo "2090"]
[BlackElo "2375"]
[EventDate "1997.09.10"]
[PlyCount "120"]

1.e4 c5 2.Nf3 e6 3.d3 Nc6 4.g3 Nf6 5.Bg2 Be7 6.O-O O-O 7.Re1 b5 8.Bf4 a5 
9.h4 d6 10.e5 Nd5 11.exd6 Bxd6 12.Bxd6 Qxd6 13.Nbd2 Rb8 14.a4 bxa4 15.Nc4 
Qc7 16.Rxa4 Ba6 17.Nfd2 Rfd8 18.Ra3 Ndb4 19.Qb1 Bb7 20.Nb3 Nd4 21.Nxd4 
Bxg2 22.Kxg2 cxd4 23.Rxa5 Ra8 24.Rxa8 Rxa8 25.c3 Qc6+ 26.Kg1 dxc3 27.bxc3 
Nd5 28.Qb2 g6 29.Rc1 Qa6 30.Qd2 Qa2 31.Qxa2 Rxa2 32.Nd6 Ra3 33.Nb5 Rb3 34.
c4 Nb4 35.d4 Nd3 36.Rc3 Rb1+ 37.Kg2 Nb4 38.Ra3 Nc2 39.Ra7 Ne1+ 40.Kf1 Nc2+
41.Kg2 Ne1+ 42.Kf1 Nc2+ 43.Ke2 Rb2 44.Kd3 Ne1+ 45.Kc3 Rxf2 46.c5 Ng2 47.c6
Ne3 48.Kd3 Nd5 49.Rd7 Nb4+ 50.Ke3 Rc2 51.Rd8+ Kg7 52.c7 Nd5+ 53.Rxd5 exd5 
54.Nd6 Rc6 55.c8=Q Rxd6 56.g4 Re6+ 57.Kd3 Re4 58.Qd7 h6 59.Qxd5 Rxg4 60.
Qe5+ Kg8 1-0

[Event "25th ECh U20"]
[Site "Tallinn EST"]
[Date "1997.09.19"]
[Round "10"]
[White "Grotz, Harald"]
[Black "Meyer, Harvey"]
[Result "1-0"]
[WhiteElo "2245"]
[BlackElo "2160"]
[EventDate "1997.09.10"]
[PlyCount "65"]

1.e4 c5 2.Nf3 e6 3.d4 cxd4 4.Nxd4 a6 5.Nc3 Qc7 6.Bd3 Nc6 7.Nxc6 dxc6 8.f4 
e5 9.Qf3 Nf6 10.f5 Bc5 11.Bd2 b5 12.O-O-O a5 13.g4 a4 14.g5 Nd7 15.Ne2 Nb6
16.Ng3 b4 17.Nh5 Rg8 18.f6 g6 19.Ng7+ Kd8 20.Bxb4 Bxb4 21.Bc4+ Bd6 22.
Rxd6+ Qxd6 23.Bxf7 Qf8 24.Bxg8 Qxg8 25.f7 Qf8 26.Rd1+ Kc7 27.Ne8+ Kb8 28.
Qf6 Nc4 29.Nd6 Bg4 30.Nxc4 Bxd1 31.Qd6+ Kb7 32.Qd7+ Kb8 33.Nd6 1-0

[Event "25th ECh U20"]
[Site "Tallinn EST"]
[Date "1997.09.20"]
[Round "11"]
[White "Belozerov, Andrei"]
[Black "Rowson, Jonathan"]
[Result "0-1"]
[WhiteElo "2450"]
[BlackElo "2490"]
[EventDate "1997.09.10"]
[PlyCount "70"]

1.d4 c5 2.d5 f5 3.c4 Nf6 4.Nc3 g6 5.g3 d6 6.Nh3 Nbd7 7.Nf4 Ne5 8.Bg2 Bg7 
9.O-O O-O 10.b3 a6 11.a4 Qe8 12.a5 g5 13.Nd3 Nxd3 14.Qxd3 Qh5 15.f4 Bd7 
16.Rb1 gxf4 17.gxf4 Kf7 18.b4 Rac8 19.bxc5 Rxc5 20.Rxb7 Rfc8 21.e3 Rxc4 
22.Ne2 Qg6 23.Ba3 Rc2 24.Rc1 R8c3 25.Qxc2 Rxc2 26.Rxc2 Nxd5 27.Rxd7 Nxe3 
28.Ng3 Nxc2 29.Bxd6 Ke6 30.Rxe7+ Kxd6 31.Rxg7 Qf6 32.h4 Ne3 33.Rxh7 Ng4 
34.Rh5 Qd4+ 35.Kh1 Qd1+ 0-1